Регионална библиотека "Любен Каравелов" - Русе

Певческата култура на учениците (Запис номер 94933)

MARC детайли
000 -Лидер
Контролно поле с фиксирана дължина nam a22 a 4500
003 - Код на организацията, давaща контролен номер
Контролно поле BLK
005 - Дата и час на последна редакция
Контролно поле 20211105160704.0
008 - Елементи от данни с фиксирана дължина
fixed length control field 180408b bul|||||r ||||||| ||bul||
010 ## - Наследен системен номер
LC control number KNG00099774000
040 ## - Източник на каталожния запис
Идентификатор на билиотеката - собственик на записа BLK
041 ## - Код за език
Код за езика на текст/звукозапис или на отделно заглавие Български
Код за езика КДБФ Български
080 ## - УДК
Текстов определител УДК Методика по музика. Музика - учебни предмети
УДК код - определител по УДК 372.878
УДК - код + определител 372.878
100 1# - Редна дума - Автор
Автор Стоянова, Галина Иванова
Авторска отговорност първи автор
R(LIN) 246576
139 ## - Редно поле
Редна дума Стоянова, Галина Иванова
Авторски знак Стоя - С 83
245 10 - Сведения за заглавието
Заглавие Певческата култура на учениците
Редно поле (дума) Галина Иванова Стоянова.
257 ## - Страна на издаване
Страна на създаване/издаване България
260 ## - Област на издателските данни
Име на издателя, разпространителя и проч. Нар. просв.
Година на издаване 1985
Печатница Ямбол : Г. Димитров
Място на издаване, разпространение и проч. София
300 ## - Физическа характеристика
Страници 103 с.
Илюстрации и др. с ил., табл., ноти
Размери/Мащаб 20 см
380 ## - Жанр
Жанр Обществени науки
500 ## - Общи забележки
Забележка Библиогр. под линия
650 #4 - Допълнително описание по предмет – тема
Основно описание – тема или топоним Музика - методика на преподаването - за основни училища
9 (RLIN) 244269
653 ## - Ключова дума – ненормативна
Ключова дума хорово пеене
852 ## - Местоположение
Форматна сигнатура Цб 136263
999 ## - СИСТЕМНИ КОНТРОЛНИ НОМЕРА
Koha biblionumber 94933
Koha biblioitemnumber 94933
942 ## - АРТИКУЛИ
Вид на библиотечния материал Книги
Скрит в OPAC Не
Периодичен библиозапис Да
944 ## - СЪЗДАВАНЕ И РЕДАКЦИЯ на ЗАПИСА
Създаване/Редакция Създаване
Дата на регистрацията/редакция 21.02.2011
Статус, дата на статуса добави в АБ / 19.02.2011
Служител, извършил регистрацията/редакцията Геновева_Генчева
944 ## - СЪЗДАВАНЕ И РЕДАКЦИЯ на ЗАПИСА
Създаване/Редакция Редакция
Дата на регистрацията/редакция 07.02.2018
Статус, дата на статуса добави в АБ / 19.02.2011
Служител, извършил регистрацията/редакцията Ренета_Константинова
999 ## - СИСТЕМНИ КОНТРОЛНИ НОМЕРА
Koha biblioitemnumber 94933
Наличности
Код за отписване Код за изгубен артикул Източник на класификационната схема Код за повреда Коз за рестрикции Код за отдаване Артикулен № Име на библиотеката - собственик Име на библиотеката, в която се намира в момента Статус (Текущо местоположение) Дата на вписване в системата Местоположение - отдел Цена в лева Инвентарен номер Систематично азбучна сигнатура Баркод Номер на екземпляра Цена в евро Служебна бележка Служебен тип на артикула
Изтеглен Не е изгубен Universal Decimal Classification Не е повреден без рестрикции ползва се в читалня 152425 Регионална библиотека "Любен Каравелов" Русе Регионална библиотека "Любен Каравелов" Русе Отдел Изкуство - читалня 1985-01-01 Отдел Изкуство - читалня 0.00 433762 И 37/С 83 433762 1 0.00 N: стар фонд Дата: 01.01.1985 Дата инв: 18.06.2012 Бележки инв: * Книги
  Не е изгубен Universal Decimal Classification Не е повреден без рестрикции ползва се в читалня 152426 Регионална библиотека "Любен Каравелов" Русе Регионална библиотека "Любен Каравелов" Русе Хранилище 1985-01-01 Хранилище 0.76 432781 Цб 136263 120000432781 2 0.39 Дост: Dp Вид: Д N: стар фонд Дата: 01.01.1985 Книги
Изтеглен Не е изгубен Universal Decimal Classification Не е повреден без рестрикции заемане за дома 152427 Регионална библиотека "Любен Каравелов" Русе Регионална библиотека "Любен Каравелов" Русе Заемна - подръчен фонд 1985-01-01 Заемна - подръчен фонд 0.76 433763 П 37/С 83 433763 3 0.39 Вид: Сф N: стар фонд Дата: 01.01.1985 Дата инв: 07.02.2018 Бележки инв: П2018 Книги
Vip Innovations Ltd, Rousse, Bulgaria 2025